000 00474ntaaa2200193 4500
003 01
005 20251027201759.0
008 0714s1973 ag 01
040 _aAR-BaBN
_bspa
_cAR-BaBN
_eaacr
_dRIC
082 _a241.0000 T46
100 _aTilson, Everett
_916255
245 _aShould christians drink?
250 _a1 ed.
260 _aNew York :
_bAbingdon Press,
_cc1957
300 _a128 p
650 _aética cristiana
650 _aalcoholismo
_91911
942 _cBK
999 _c12463
_d12463